000 00676nam a2200241Ia 4500
003 OSt
005 20220918201323.0
006 a|||||r|||| 00| 0
007 ta
008 220917b |||||||| |||| 00| 0 eng d
024 _a93,114
037 _cTextual
040 _aARTS
_cARTS
_beng
041 _2eng
_aeng
082 _aV2y7J42, N41
100 _aMoosvi Shireen tr,ed
_998117
245 0 _aEpisodes in the life of Akbar contemporary records and reminiscences
260 _aDelhi
_bNational Book Trust
_c1994
300 _a133p.
_ccm.
650 _aHISTORY
942 _hV2y7J42, N41
_cTEXL
_2CC
999 _c216762
_d216762